Welcome to the Holygrace Academy Library

Please use search bar below to get started

PROF.M.K.SANUTHIRANJEDUTHA MALAYALATHINTE PREEYA KAVITHAKAL (Record no. 4615)

MARC details
000 -LEADER
fixed length control field 00366nam a22001457a 4500
020 ## - INTERNATIONAL STANDARD BOOK NUMBER
ISBN 81-8423-109-1
082 ## - DEWEY DECIMAL CLASSIFICATION NUMBER
Classification number 894.812.1
Item number CHA/S
100 ## - MAIN ENTRY--AUTHOR NAME
Personal name CHANGAMPUZHA
245 ## - TITLE STATEMENT
Title PROF.M.K.SANUTHIRANJEDUTHA MALAYALATHINTE PREEYA KAVITHAKAL
260 ## - PUBLICATION, DISTRIBUTION, ETC. (IMPRINT)
Place of publication THRISSUR
Name of publisher GREEN BOOKS PRIVATE LIMITED
Year of publication 2010
300 ## - PHYSICAL DESCRIPTION
Number of Pages 196
520 ## - SUMMARY, ETC.
Summary, etc POETRY
650 ## - SUBJECT ADDED ENTRY--TOPICAL TERM
Topical Term POETRY
942 ## - ADDED ENTRY ELEMENTS (KOHA)
Koha item type Books

No items available.